书目信息 |
| 题名: |
地域·场地·建筑
|
|
| 作者: | 胡贝尔, 编 ;焦怡雪译 | |
| 分册: | ||
| 出版信息: | 北京 中国建筑工业出版社 2004.09 |
|
| 页数: | 303页 | |
| 开本: | 23×21cm | |
| 丛书名: | 建筑与设计丛书 | |
| 单 册: | ||
| 中图分类: | TU2 | |
| 科图分类: | ||
| 主题词: | 建筑设计--研究 | |
| 电子资源: | ||
| ISBN: | 7-112-06687-5 | |
| 000 | 01150nam 2200301 450 | |
| 001 | 010259390561 | |
| 005 | 20050805100548.82 | |
| 010 | @a7-112-06687-5@dCNY125.00 | |
| 100 | @a20050728d2004 km y0chiy0120 ea | |
| 101 | 1 | @achi@beng@cita |
| 102 | @aCN@b110000 | |
| 105 | @aa a 000yy | |
| 200 | 1 | @a地域·场地·建筑@Adi yu·chang di·jian zhu@f(意) 安东内拉·胡贝尔编@F(yi)an dong nei la·hu bei er bian@g焦怡雪译@Gjiao yi xue yi |
| 210 | @a北京@c中国建筑工业出版社@d2004.09 | |
| 215 | @a303页@c图 (部分彩图)@d23×21cm | |
| 225 | 2 | @a建筑与设计丛书 |
| 306 | @a本书经意大利Edizioni Lybra Immagine出版社正式授权我社在世界范围翻译、出版、发行中文版 | |
| 312 | @a英文并列题名取自版权页 | |
| 320 | @a有书目 (第279-280页)。 | |
| 330 | @a本书举例说明了由脱离传统研究方法的乔瓦尼·马乔科所领导的设计小组,在理论方面和实践方面所进行的工作。 | |
| 410 | 0 | @12001 @a建筑与设计丛书 |
| 510 | 1 | @aLand, site, architecture@zeng |
| 606 | 0 | @a建筑设计@x研究 |
| 690 | @aTU2@v4 | |
| 701 | 1 | @a胡贝尔,@Ahu bei er,@bA.@g(Huber, Antonella)@4编 |
| 702 | 0 | @a焦怡雪译@Ajiao yi xue yi |
| 801 | 0 | @aCN@bQSSK@c20050805 |
| 905 | @a10447@dTU2@eH450 | |
| 地域·场地·建筑/(意) 安东内拉·胡贝尔编/焦怡雪译.-北京:中国建筑工业出版社,2004.09 |
| 303页:图 (部分彩图);23×21cm.-(建筑与设计丛书) |
| ISBN 7-112-06687-5:CNY125.00 |
| 本书举例说明了由脱离传统研究方法的乔瓦尼·马乔科所领导的设计小组,在理论方面和实践方面所进行的工作。 |
| ● |
| 相关链接 |
|
|
|
正题名:地域·场地·建筑
索取号:TU2/H450
 
预约/预借
| 序号 | 登录号 | 条形码 | 馆藏地/架位号 | 状态 | 备注 |
| 1 | 527727 | 205277270 | 自科二线404/404自科库 16排1列5层/ [索取号:TU2/H450] | 在馆 |